Alle landen waar een H in zit. - Statistieken

Algemene statistieken
  • Deze quiz is 110 keer genomen
  • De gemiddelde score is 17 van 22
Antwoordstatistieken
Antwoord % Correct
Honduras
97%
Hongarije
97%
Bangladesh
89%
Haïti
89%
Chili
86%
China
86%
Afghanistan
83%
Bahrein
83%
Kazachstan
83%
Tsjechië
81%
Bhutan
75%
Bosnië en Herzegovina
75%
Ethiopië
75%
Liechtenstein
72%
Seychellen
72%
Bahama's
69%
Marshalleilanden
69%
Ghana
67%
Lesotho
67%
Verenigde Arabische Emiraten
67%
Congo-Kinshasa
64%
Thailand
64%
Geen overeenkomende quizzen gevonden
Scoreverdeling
Procent van Mensen met Elke Score
Percentiel versus Aantal Correcte Antwoorden
Uw Scoregeschiedenis
U heeft deze quiz nog niet genomen